| 000 | 00624cam a22002171 4500 | ||
|---|---|---|---|
| 001 | 000382928 | ||
| 003 | AM-YeHGA | ||
| 005 | 20250617132140.0 | ||
| 008 | 781019s1933 gw a|||||b||||001|0|ger|c | ||
| 040 | _aAM-YeHGA | ||
| 041 | 0 | _ager | |
| 100 | 1 |
_aBorn, Max, _d1882- |
|
| 245 | 1 | 0 |
_aOptik : _bEin Lehrbuch der elektromagnetischen Lichttheorie / _cVon Dr. Max Born. |
| 260 |
_aBerlin : _bSpringer-Verlag, _c1933. |
||
| 300 |
_avii, 591, [1] p. : _bill. ; _c25 cm. |
||
| 504 | _aBibliographical foot-notes. | ||
| 650 | 0 | _aOptics | |
| 650 | 0 | _aInterference (Light) | |
| 650 | 0 | _aElectromagnetic theory | |
| 090 | _c147421 | ||
| 999 |
_c146036 _d146036 |
||